La soberana̕ transformada

Detalles Bibliográficos
Autor principal: Varela Barrios , Edgar
Formato: eBook
Lenguaje:español
Publicado: Bogot ̀: ECOE, 2007
Materias:
Acceso en línea:http://www.vlex.com/source/6847

MARC

LEADER 00000nam a22000007a 4500
005 20130125121743.0
007 cr|||| ||||
008 130125e2007 ck |||||s|||| 00||0 spa d
020 |a 9789586484521 
035 |a 6847 
040 |a vLex 
090 |c 3606  |d 3606 
100 1 0 |a Varela Barrios , Edgar 
245 1 3 |a La soberana̕ transformada  |h [Recurso electrn̤ico] 
256 |a Servicio en ln̕ea 
260 |a Bogot ̀:  |b ECOE,   |c 2007  
300 |a 1 Recurso electrn̤ico 
650 0 4 |a Derecho constitucional 
650 0 4 |a Soberana̕ 
650 0 4 |a Globalizacin̤ 
740 |a vLex Libros (Servicio en ln̕ea) 
856 |a Acceso estringido   |u http://www.vlex.com/source/6847 
942 |c BOOK 
999 0 |a Constitutional law